Terminus des RER et Transiliens - Statistiques

Statistiques générales
  • Ce quiz a été pris 122 fois
    45 depuis la dernière actualisation
  • Le résultat moyen est 37 sur 54
Statistiques - réponses
RER A % Correct
Aéroport Charles de Gaulle - Terminal 2 (TGV)
90%
Cergy Le Haut
90%
Cergy Le Haut
90%
Creil
90%
Creil
90%
Melun
87%
Nanterre-La-Folie
83%
Saint-Germain-en-Laye
83%
Mitry - Claye
80%
Robinson
80%
Saint-Rémy-lès-Chevreuse
80%
Boissy-Saint-Léger
77%
Chelles - Gournay
77%
Mantes-la-Jolie
77%
Mantes-la-Jolie
77%
Marne-la-Vallée Chessy
77%
Massy - Palaiseau
77%
Massy - Palaiseau
77%
Poissy
77%
Pontoise
77%
Pontoise
77%
Corbeil-Essonnes
73%
Rambouillet
73%
Tournan
73%
Malesherbes
70%
Montargis
70%
Versailles Chantiers
70%
Versailles Rive Droite
70%
Montereau
67%
Paris Gare de Lyon
67%
Saint-Martin d’Étampes
67%
Saint-Quentin en Yvelines
67%
Gisors
63%
La Verrière
63%
Provins
63%
Crépy-en-Valois
60%
Dourdan La-Forêt
60%
Dreux
60%
Paris Gare du Nord
60%
Paris Gare du Nord
60%
Persan - Beaumont
60%
Château-Thierry
57%
Luzarches
57%
Paris Est
57%
Paris Montparnasse
57%
Paris Saint-Lazare
57%
Paris Saint-Lazare
57%
Ermont - Eaubonne
53%
Vernon - Giverny
53%
Versailles Château Rive-Gauche
53%
Coulommiers
50%
La Ferté-Milon
50%
La Défense Grande Arche
43%
Saint-Nom-la-Bretèche Forêt de Marly
37%
Aucun quiz correspondant
Distribution des résultats
% des personnes avec chaque résultat
Percentile par nombre de réponses
Votre historique - résultats
Vous n’avez pas pris ce quiz depuis la dernière actualisation